Datum a čas kvízu
30
Celkem bodů
Celkový počet nahraných bodů na tomto kvízu bez doplňovacích otázek.
11.
Pořadí na kvízu
Konečné umístění týmu na tomto kvízu.
Zaznamenané odpovědi
| # | Otázka | Odpověď | Body | Výsledky |
|---|---|---|---|---|
| 1. | V Olomouci se objevil případ m... | na sušáku na prádlo (na klepači na koberce) | 1 | |
| 2. | Minulý týden došlo ke ztrátě j... | kytarou | 0 | |
| 3. | Středeční přehlídka spodního p... | A) v devátém měsíci těhotenství | 0 | |
| 4. | Která společnost se umístila n... | Apple | 0 | |
| 5. | Fotbalisté z malého afrického... | Kapverdy | 0 | |
| 6. | Napište jméno pouště na obrázk... | Namib (Namibská poušť) | 1 | |
| 7. | Uveďte, kterým čtyřpísmenným p... | vádí | 1 | |
| 8. | Vyberte, se kterým živočichem... | B | 1 | |
| 9. | Pokud bylo cílovým místem slav... | růžová (Růžové jezero) | 0 | |
| 10. | Britský umělec Gordon Sumner s... | Sting | 1 |